[Event "New Zealand Major Open 2016"]
[Site "Devonport, Auckland NZL"]
[Date "2016.01.05"]
[Round "4.25"]
[White "Nylund, Timothy"]
[Black "Ang, Beatrice Sze Ning"]
[Result "0-1"]
[WhiteElo "1400"]
[BlackElo "1072"]
[PlyCount "118"]
[EventDate "2016.01.02"]

1. d4 d5 2. c4 dxc4 3. e3 e6 4. Nc3 Nf6 5. Bxc4 Bb4 6. Qa4+ Nc6 7. d5 Bxc3+ 8.
bxc3 Nxd5 9. Ne2 Nb6 10. Qb5 Nxc4 11. Qxc4 O-O 12. O-O Qg5 13. e4 Qg6 14. f4 h6
15. e5 Rb8 16. Nd4 Nxd4 17. cxd4 b6 18. Ba3 Bb7 19. Rf2 Rfc8 20. Rd1 c6 21. Bd6
Ra8 22. Rdf1 Rd8 23. f5 exf5 24. Rxf5 Qe6 25. Qxe6 fxe6 26. Rf7 Ba6 27. R1f2
Bd3 28. g4 Bg6 29. Re7 Re8 30. Rxe8+ Rxe8 31. h4 Bd3 32. a4 a6 33. Bc7 b5 34.
a5 Bc4 35. Bd6 Bd5 36. Kh2 Rd8 37. Kg3 Re8 38. h5 Rd8 39. Kh4 Re8 40. g5 Rd8
41. gxh6 gxh6 42. Rf6 Kh7 43. Bf8 Rb8 44. Rxh6+ Kg8 45. Bb4 Rb7 46. Kg5 Rf7 47.
Rf6 Rg7+ 48. Rg6 Rxg6+ 49. hxg6 Kg7 50. Bf8+ Kxf8 51. Kf6 b4 52. g7+ Kg8 53.
Ke7 b3 54. Kd7 b2 55. Kc7 b1=Q 56. Kd6 Kxg7 57. Kc5 Qb5+ 58. Kd6 Be4 59. Kxe6
Qd5+ 0-1